| 000 | 01387nam a22002657a 4500 | ||
|---|---|---|---|
| 001 | 708 | ||
| 005 | 20230703144501.0 | ||
| 008 | 230703b cb ||||| |||| 00| 0 eng d | ||
| 020 | _a9780531147788 | ||
| 040 |
_aFISKH _beng _cFISKH _dFISKH |
||
| 050 | _aJK1025.T39 | ||
| 082 | _a328.73 | ||
| 100 | _aTaylor-Bulter, Christine | ||
| 245 |
_aThe congress of the United States / _bThe first congress had only 79 members. Today it has 535. |
||
| 260 |
_aNew York : _bScholastic. _c2008. |
||
| 300 |
_a48 pages ; _bcolor illustrations, _c22 cm. |
||
| 490 | _3A true book | ||
| 505 | _aQ | ||
| 520 | _aIdeal for today's young investigative reader, each A True Book includes lively sidebars, a glossary and index, plus a comprehensive "To Find Out More" section listing books, organizations, and Internet sites. A staple of library collections since the 1950s, the new A True Book series is the definitive nonfiction series for elementary school readers. A True Book -- American History: How do you wrap a 450,000-pound gift? What is the world's oldest and shortest written constitution? Find out in this patriotic celebration of things uniquely American. | ||
| 521 |
_a660
_bLexile |
||
| 521 |
_aQ _bRaz-Plus |
||
| 650 |
_aUnited States _vCongress _xJuvenile literature |
||
| 650 |
_aUnited States _vPolitics and government _xJuvenile literature |
||
| 942 |
_2ddc _cBK _n0 |
||
| 999 |
_c708 _d708 |
||